Le de ente et essentia de S. Thomas D'Aquin

Spremljeno u:
Bibliografski detalji
Glavni autor: Roland-Gosselin, Marie Dominique (Autor)
Format: Knjiga
Jezik:francuski
Izdano: París J. Vrin 1948
Serija:Bibliothéque Thomiste, 8
Teme:
Oznake: Dodaj oznaku
Bez oznaka, Budi prvi tko označuje ovaj zapis!

MARC

LEADER 00000nam a2200000 a 4500
001 UCZ3929
003 CL-VaPUC
008 951027e19480000FR |||||||||||||||||fre|d
082 0 4 |a 189.4  |b ROL  |2 21 
100 0 |a Roland-Gosselin, Marie Dominique  |e author  |9 347784 
245 1 3 |a Le de ente et essentia de S. Thomas D'Aquin 
300 |a 220 p 
942 |c BK 
945 |d 19951027 00:00:00  |a lriquelm 
260 |a París  |b J. Vrin  |c 1948 
600 0 |a Tomás de Aquino  |d 1220-1274  |c Santo  |9 255832 
650 0 |a Escolasticismo  |9 264998 
650 0 |a Teología   |9 258766 
650 7 |a SER  |2 CL-VaPUC  |9 320176 
650 0 |a Metafísica  |9 265649 
650 0 |a Tomismo  |9 259214 
583 |a last modification  |c 20121211 09:14:30  |k Rodrigo Vera 
490 0 |a Bibliothéque Thomiste, 8 
999 |c 240372  |d 240370 
952 |0 0  |1 0  |4 0  |6 189_400000000000000_ROL_1948  |7 0  |8 P  |9 252215  |a BIBEDU  |b BIBEDU  |c BIBEDU_PB  |d 2019-11-18  |i 1591916  |o 189.4 ROL 1948  |p 1591916  |r 2024-01-25  |w 2019-11-18  |y BK  |k FIL 
952 |0 0  |1 0  |4 0  |6 189_400000000000000_ROL_1948  |7 0  |8 P  |9 252216  |a BIBEDU  |b BIBEDU  |c BIBEDU_PB  |d 2019-11-18  |i 1591924  |o 189.4 ROL 1948  |p 1591924  |r 2024-01-25  |w 2019-11-18  |y BK  |k FIL 
952 |0 0  |1 0  |4 0  |6 189_400000000000000_ROL_1948  |7 0  |8 P  |9 252217  |a BIBEDU  |b BIBEDU  |c BIBEDU_PB  |d 2019-11-18  |i 1591932  |o 189.4 ROL 1948  |p 1591932  |r 2024-01-25  |w 2019-11-18  |y BK  |k FIL 
952 |0 0  |1 0  |4 0  |6 189_400000000000000_ROL_1948  |7 0  |8 P  |9 252218  |a BIBEDU  |b BIBEDU  |c BIBEDU_PB  |d 2019-11-18  |i 1591940  |o 189.4 ROL 1948  |p 1591940  |r 2024-01-25  |w 2019-11-18  |y BK  |k FIL 
952 |0 0  |1 0  |4 0  |6 189_400000000000000_ROL_1948  |7 0  |8 P  |9 252219  |a BIBEDU  |b BIBEDU  |c BIBEDU_PB  |d 2019-11-18  |i 1591959  |o 189.4 ROL 1948  |p 1591959  |r 2024-01-25  |w 2019-11-18  |y BK  |k FIL